Intercommunalités de la Moselle - Statistiques

Statistiques générales
  • Ce quiz a été pris 72 fois
  • Le résultat moyen est 10 sur 22
Statistiques - réponses
Nombres de Communes Intercommunalités % Correct
46 Eurométropole de Metz
96%
13 Communauté d'agglomération Portes de France-Thionville
90%
21 Communauté d'agglomération de Forbach Porte de France
88%
38 (dont 01 dans le Bas-Rhin) Communauté d'agglomération Sarreguemines Confluences
74%
76 Communauté de communes de Sarrebourg - Moselle Sud
74%
41 Communauté d'agglomération Saint-Avold Synergie
66%
46 Communauté de communes du Pays de Bitche
60%
10 Communauté d'agglomération du Val de Fensch
50%
37 Communauté de communes de la Houve et du Pays Boulageois
50%
128 Communauté de communes du Saulnois
46%
26 Communauté de communes du Pays de Phalsbourg
40%
05 Communauté de communes du Warndt
40%
40 Communauté de communes Bouzonvillois - Trois Frontières
38%
33 Communauté de communes du District Urbain de Faulquemont
38%
11 Communauté de communes de Freyming-Merlebach
36%
12 Communauté de communes du Pays Orne-Moselle
22%
20 Communauté de communes Rives de Moselle
22%
22 Communauté de communes de Cattenom et environs
18%
08 (dont 02 Communauté de communes du Pays Haut Val d'Alzette
18%
26 Communauté de communes de l'Arc Mosellan
14%
34 Communauté de communes du Sud Messin
14%
28 Communauté de communes Haut Chemin - Pays de Pange
12%
Aucun quiz correspondant
Distribution des résultats
% des personnes avec chaque résultat
Percentile par nombre de réponses
Votre historique - résultats
Vous n’avez pas pris ce quiz